000 02047cam a2200289 4500
001 sa 68020526
003 DLC
005 20260227112725.0
008 740517m19019999ii c 000 0 eng
010 _asa 68020526
025 _aPL480:I-E-1455
040 _aDLC
_cDLC
_dDLC
041 0 _aeng
_asan
043 _aa-ii---
050 0 0 _aZ6621.M186
_bS34
110 2 _aGovernment Oriental Manuscripts Library (Tamil Nadu, India)
245 0 2 _aA descriptive catalogue of the Sanskrit manuscripts of the Government Oriental Manuscripts Library, Madras,
_cby M. Seshagiri Sastri, curator, Government Oriental Manuscripts Library.
260 _aMadras,
_bPrinted by the Superintendent, Govt. Press,
_c1901-<1999 >
300 _av. in ;
_c25 cm.
500 _aEditors vary for each volume.
500 _aLC holdings, until complete, listed in contents note only.
500 _a"Prepared under the orders of the Government of Madras."
505 1 _av. 1 in 3 pts. Vedic literature -- v. 2. Vedic literature-- v. 3. Grammar, lexiocography and prosody -- v. 4., pt. I. Itihasa and Purana -- pt. II. Upapuranas and sthalamahatmyas -- v. 5-7. Dharma-sastra -- v. 8. Arthasastra, Kamasastra and systems of Indian philosophy-Nyaya -- v. 9. Systems of Indian philosophym, Vaisesika, Yoga, Mimamsa and Vedanta-advaita philosophy -- v. 10. Systems of Indian philosophy, Dvaita and Saiva-vedanta -- v. 11. Systems of Indian philosophy -- v. 12. Religion -- v. 17. Stotras -- v. 18-19. Prasmsa-stotras -- v. 20-21. Kavyas -- v. 22. Rhetoric and poetics, dancing and silpasastra -- v. 23. Medicine -- v. 24. Jyautisa -- v. 25-28, 30. Supplemental -- v. 35. D.nos 19201 to 19700 -- v. 49. No.D. 19701-D.20230 -- v. 50. (no special title) -- v. 51. R.No. 8630-8976 -- v. 52. R.No. 8977-9257 -- v. 53. R.No.: 9258-9708
650 0 _aManuscripts, Sanskrit
_zIndia
_zChennai
_vCatalogs.
830 0 _aMadras Government oriental Manuscript series ;
_v415-416
830 0 _aMadras Government oriental Manuscript series.
_pSanskrit Publications ;
_v113-114.
999 _c89479
_d89479